Third battle of Panipat / (Record no. 104163)

MARC details
000 -LEADER
fixed length control field 00569nam a22001937a 4500
005 - DATE AND TIME OF LATEST TRANSACTION
control field 20161024112016.0
010 ## - LCCN (DPL NO)
LC control number ENG-116277
020 ## - INTERNATIONAL STANDARD BOOK NUMBER
International Standard Book Number 9788180903328
Terms of availability 650.00
035 ## - SYSTEM CONTROL NUMBER
System control number EN-99809
037 ## - SOURCE OF ACQUISITION
Source of stock number/acquisition DBAD/PUB
082 ## - DEWEY DECIMAL CLASSIFICATION NUMBER
Classification number 954.082
245 ## - TITLE STATEMENT
Title Third battle of Panipat /
Statement of responsibility, etc by Abhas Verma
260 ## - PUBLICATION, DISTRIBUTION, ETC. (IMPRINT)
Place of publication, distribution, etc Delhi
Name of publisher, distributor, etc Bhartiya Kala Prakashan
Date of publication, distribution, etc 2013
270 ## - ADDRESS
Address 3421-A,Floor Narang Colony,Tri Narang
City Delhi
Postal code 110035
300 ## - PHYSICAL DESCRIPTION
Extent xvii,326p. :
Dimensions 21cm(Hb)
Other physical details ill (maps)
500 ## - GENERAL NOTE
General note Includes referenes
700 ## - ADDED ENTRY--PERSONAL NAME
Personal name
942 ## - ADDED ENTRY ELEMENTS (KOHA)
Source of classification or shelving scheme Dewey Decimal Classification
Item type English Books
Classification part 954.082
Call number suffix VER

No items available.


© Delhi Public Library
Hit Counter
free hit counter